Netter's atlas of human embryology (رقم التسجيلة. 35361)

تفاصيل مارك
000 -الفاتح
حقل البيانات ثابتة الطول 01518cam a2200409 a 4500
001 - رقم الضبط
رقم الضبط 10139678
003 - محدد رقم الضبط
رقم الضبط OSt
005 - وقت وتاريخ اخر تعامل مع التسجيلة
رقم الضبط 20150408114220.0
006 - عناصر البيانات ثابتة الطول - خصائص المادة الاضافية-معلومات عامة
حقل البيانات ثابتة الطول m u
007 - الحقل الثابت للوصف المادى- معلومات عامة
حقل البيانات ثابتة الطول cr cn|||||||||
008 - عناصر البيانات ثابتة الطول - معلومات عامة
حقل البيانات ثابتة الطول 120724s2012 paua fs 001 0 eng d
010 ## - رقم ضبط مكتبة الكونجرس
رقم ضبط مكتبة الكونجرس الخاطئ والملغى 2001132799
020 ## - الرقم الدولى المعيارى للكتب
الرقم الدولى المعيارى للكتاب الملغى /الخاطئ 9781455739776
020 ## - الرقم الدولى المعيارى للكتب
الرقم الدولى المعيارى للكتاب الملغى /الخاطئ 9781455739783 (e-book)
035 ## - رقم ضبط النظام
رقم ضبط النظام (CaPaEBR)ebr10579591
035 ## - رقم ضبط النظام
رقم ضبط النظام (NNC)10139678
040 ## - مصدر الفهرسة
وكالة الفهرسة الأصلية CaPaEBR
وكالة النسخ CaPaEBR
050 14 - رقم طلب مكتبة الكونجرس
رقم التصنيف QM602
رقم المادة .C63 2012eb
082 ## - رقم تصنيف ديوى العشرى
رقم التصنيف 611.018
رقم المادة CLN
100 1# - المدخل الرئيسى - إسم شخصى
الإسم الشخصى Cochard, Larry R.
9 (RLIN) 45832
245 10 - بيان العنوان
العنوان Netter's atlas of human embryology
الوسيط [electronic resource] /
بيان المسئوليه,etc Larry R. Cochard ; illustrations by Frank H. Netter ; contributing illustrators John A. Craig, Carlos A.G. Machado.
250 ## - بيان الطبعة
بيان الطبعة Updated ed.
260 ## - PUBLICATION, DISTRIBUTION, ETC. (IMPRINT)
مكان الناشر او الموزع Philadelphia :
اسم الناشر او الموزع Elsevier/Saunders,
تاريخ النشر أو التوزيع 2012.
300 ## - الوصف المادى
التعداد xx, 267 p. :
تفاصيل ماديه اخرى للوعاء col. ill.
500 ## - تبصرة عامة
تبصرة عامة "Student Consult."
500 ## - تبصرة عامة
تبصرة عامة Includes index.
533 ## - تبصرة الاستنساخ
نوع الاستنساخ Electronic reproduction.
مكان الاستنساخ Palo Alto, Calif. :
الوكالة المسؤولة عن الاستنساخ ebrary,
تاريخ الاستنساخ 2011.
تبصرة بخصوص الاستنساخ Available via World Wide Web.
-- Access may be limited to ebrary affiliated libraries.
650 #0 - المدخل الاضافى بالموضوع-مصطلح موضوعى
مصطلح موضوعي أو اسم جغرافي كعنصر مدخل Embryology, Human
التقسيم الفرعي الشكلي Atlases.
9 (RLIN) 45833
655 #7 - مصطلح تكشيفى-نوع/شكل
بيانات النوع/ الشكل أو المصطلح الأساسي Electronic books.
مصدر المصطلح local
9 (RLIN) 4135
700 1# - المدخل الاضافى - اسم شخصى
الإسم الشخصى Netter, Frank H.
الشكل الأكمل للاسم (Frank Henry),
التواريخ المصاحبة للاسم 1906-1991.
9 (RLIN) 16211
700 1# - المدخل الاضافى - اسم شخصى
الإسم الشخصى Craig, John A.
9 (RLIN) 45834
700 1# - المدخل الاضافى - اسم شخصى
الإسم الشخصى Machado, Carlos A. G.
9 (RLIN) 45835
710 2# - المدخل الاضافى - اسم هيئه
اسم الهيئة أو اسم السلطة كمدخل ebrary, Inc.
9 (RLIN) 4138
856 40 - الوصول و الموقع الالكترونى
معرف المصدر الموحد <a href="http://www.columbia.edu/cgi-bin/cul/resolve?clio10139678">http://www.columbia.edu/cgi-bin/cul/resolve?clio10139678</a>
تبصرة عامة Click here for full text.
942 ## - عناصر المدخل الإضافي( كوها)
مصدر التصنيف او مخطط الترفيف Dewey Decimal Classification
Koha [default] item type كتاب
المقتنيات
حالة الفقد نموذج السعر الفعال حالة تلف ليس للاعارة رقم الطلب رقم النسخة تاريخ الاكتساب الموقع الحالي الباركود الفرع الرئيسي Total Renewals Date last checked out Date last seen نوع المادة فى نظام كوها مصدر التصنيف او خطة الترفيف Total Checkouts
  2014-06-24   Not For Loan 611.018 CLN 1 2014-06-24 المكتبة المركزية بالمجمعة (CL) 00307468 المكتبة المركزية بالمجمعة (CL) 1 2018-09-06 2018-10-21 كتاب Dewey Decimal Classification 1